000 00288nam a22001337a 4500
008 170703b xxu||||| |||| 00| 0 eng d
020 _a9780321011831
041 _aeng
080 _a82
100 _a22
101 _agjl
245 _aEXPLORING LITERATYRE
_cMADDEN, F
942 _2udc
_cBK
999 _c19853
_d19853